Prowincje Demokratycznej Republiki Konga - Statystyki

Ogólne statystyki
  • Ten quiz został rozwiązany 46 razy
  • Średni wynik to 3 z 26
Odpowiedzi na mapie
Odpowiedzi zakodowano w zielono-czerwonej skali na mapie do tego quizu, zgodnie z poniższymi procentami.
 
Statystyki odpowiedzi
Lp. Ludność 2015r. Powierzchnia km² Prowincja % Poprawnych
1. 11,575,000 9,965 Kinszasa
86%
13. 6,655,000 59,483 Kiwu Północne
24%
12. 5,772,000 64,791 Kiwu Południowe
21%
6. 2,801,000 95,631 Kasai
14%
8. 3,145,000 9,545 Kasai Wschodnie
10%
2. 5,575,000 53,920 Kongo Środkowe
10%
10. 2,110,000 104,331 Sankuru
10%
17. 1,138,000 148,331 Dolne Uele
7%
26. 4,617,000 132,425 Górna Katanga
7%
24. 2,957,000 108,204 Górne Lomami
7%
15. 1,864,000 89,683 Górne Uele
7%
14. 3,650,000 65,658 Ituri
7%
3. 2,152,000 89,974 Kwango
7%
4. 5,490,000 78,533 Kwilu
7%
25. 2,570,000 121,308 Lualaba
7%
7. 3,317,000 59,500 Lulua
7%
5. 1,852,000 127,243 Mai-Ndombe
7%
19. 1,740,000 58,141 Mongala
7%
21. 1,528,000 103,902 Prowincja Równikowa
7%
23. 3,062,000 134,940 Tanganika
7%
16. 2,352,000 199,567 Tshopo
7%
18. 1,269,000 56,644 Ubangi Północne
7%
9. 2,443,000 56,426 Lomami
3%
11. 2,333,000 132,250 Maniema
3%
22. 1,600,000 132,957 Tshuapa
3%
20. 2,458,000 51,648 Ubangi Południowe
3%
Nie znaleziono quizów pasujących do podanych kryteriów
Rozkład punktacji
Procent ludzi z każdym wynikiem
Percentyl według liczby udzielonych odpowiedzi
Twoja historia wyników
Nie rozwiązałeś tego quizu